000 00939pam a2200289 a 4500
001 4819315
003 OSt
005 20140310182237.0
008 890829s1990 nyua 000 1 eng
010 _a 89043292
020 _a9780140118476
_c$18.95
040 _aDLC
_cDLC
_dDLC
050 0 0 _aPR 6054
_b.D131 1990
082 0 0 _aFIC
_bD13a 1989
100 1 _aDahl, Roald.
_93827
245 1 0 _aAh, sweet mystery of life :
_bstories /
_cRoald Dahl ; illustrated by John Lawrence.
250 _a1st American ed.
260 _aNew York :
_bKnopf :
_bDistributed by Random House,
_c1990.
300 _aix, 161 p. :
_bill. :
_c20 cm.
541 _j1
562 _e1
650 _aRural life
_xfiction.
_918737
650 _aLife
_xFiction.
_918738
906 _a7
_bcbc
_corignew
_d1
_eocip
_f19
_gy-gencatlg
942 _2lcc
_cBK-FIC
999 _c11054
_d11054